000 00224nam a2200085Ia 4500
008 170620s9999 xx 000 0 und d
100 _aDubai- Satya Narayan`Sartandu`
245 0 _aAapna Malik Aap
260 _bNew Delhi- Hind Pocket Books
260 _c2009
999 _c25620
_d25620